000 00697nam a2200217Ia 4500
001 17224
003 GE_BSU
008 181216s||||||||xx |||||||||||||| ||und||
040 _cGE_BSU
080 _a821.161.1-32
100 _aტოლსტოი, ლ.
245 _aმოთხრობები
245 _cრედ.დ. შენგელაია
260 _aთბილისი
260 _bსახელგამი
260 _c1954
300 _a224გვ. ; 20სმ.
653 _aმოთხრობები
653 _aსევასტოპოლის მოთხრობები; ივან ილიჩის სიკვდილი
942 _cBK
999 _c50285
_d50285